| 000 | 00775nam a2200229 i 4500 | ||
|---|---|---|---|
| 001 | 56321 | ||
| 003 | ES-MaACL | ||
| 005 | 20250901040015.0 | ||
| 007 | t| | ||
| 008 | 031007s1979 sp ||||1| spa d | ||
| 245 | 0 | 0 |
_aDiccionario de Lingüística / _cJean Dubois ... [et al.] ; versión de Inés Ortega y Antonio Domínguez ; dirección y adaptación de Alicia Yllera. |
| 260 |
_a[Madrid] : _bAlianza, _c[1979] |
||
| 300 |
_aLXVIII, 636 p. ; _c24 cm. |
||
| 490 | 1 | _aAlianza diccionarios | |
| 700 | 1 |
_aOrtega, Inés. _987409 |
|
| 700 | 1 |
_aDomínguez, Antonio. _945152 |
|
| 700 | 1 |
_aYllera, Alicia. _9117643 |
|
| 700 | 1 |
_aDubois, Jean, _d1920-2015 _9150948 |
|
| 830 | 0 |
_aAlianza diccionarios _9177801 |
|
| 852 |
_aES-MaACL _jC-21150 _bR.99572 |
||
| 999 |
_c56321 _d56321 |
||